000 00533nam a2200181Ia 4500
001 25221
005 20260414151135.0
008 260414t2007||||xx |||||||||||||| ||spa||
041 _aESP
082 _a346.4
_bR21 T. 3
100 _aRamírez Cruz, Eugenio María
_eAUT
245 0 _aTratado de derechos reales :
_bderechos reales de goce sobre bien ajeno (usufructo, uso, habitación, superficie, servidumbre)
260 _c2007
300 _apágs. :
_c24 cm.
650 _aDER
654 _aCDE
942 _cLIB
_dJUS
_fJUS
_2ddc
_n
999 _c25221
_d25221